000 00243nam a22001097a 4500
008 240610b |||||||| |||| 00| 0 eng d
100 _aHarmandas
_915224
245 _aTotamano
260 _bHarmandas Pub
_a-
_c-
300 _a138p.
942 _cBK
999 _c39476
_d39476